[Event "DRUZYNOWE MISTRZOSTWA POLSKI JUNIOROW - II LIGA"]
[Site "Szczyrk, CKiR Orle Gniazdo ul. Wrzosowa 28a"]
[Date "2014-07-30"]
[Round "6.105"]
[White "Jaszczuk, Mateusz"]
[Black "Rylski, Mateusz"]
[Result "1/2-1/2"]
[WhiteTitle "II"]
[BlackTitle "II"]
[WhiteElo "1426"]
[BlackElo "1347"]

1. c4 e5 2. Nc3 Nf6 3. g3 d5 4. cxd5 Nxd5 5. Bg2 Be6 6. Nf3 Nc6 7. d4 f6 8. O-O
Qd7 9. dxe5 fxe5 10. Ng5 Nxc3 11. Qxd7+ Bxd7 12. bxc3 h6 13. Ne4 O-O-O 14. h3
Be7 15. Be3 g5 16. Rfd1 Bf5 17. Kf1 Rhf8 18. Kg1 Rd7 19. Rxd7 Bxd7 20. Rd1 Be6
21. Bc5 Bc4 22. Bxe7 Nxe7 23. Rd2 Nc6 24. Nc5 Rd8 25. Rb2 b6 26. Bxc6 bxc5 27.
Rb7 Rd6 28. Bf3 a6 29. Ra7 Kd7 30. Bg4+ Kc6 31. Bf3+ Kd7 32. Bg4+ Kc6 33. Bf3+
Kd7 34. Bg4+ Kc6 35. Bf3+ Kd7 36. Bg4+ Kc6 37. Bf3+ Kd7 38. Bg4+ Kc6 39. Bf3+
Kd7 40. Bg4+ Kc6 1/2-1/2

[Event "DRUZYNOWE MISTRZOSTWA POLSKI JUNIOROW - II LIGA"]
[Site "Szczyrk, CKiR Orle Gniazdo ul. Wrzosowa 28a"]
[Date "2014-07-30"]
[Round "6.107"]
[White "Krzysztynska, Anna"]
[Black "Golecka, Jadwiga"]
[Result "1-0"]
[WhiteTitle "I"]
[BlackTitle "II"]
[WhiteElo "1411"]
[BlackElo "1067"]

1. e4 e5 2. Nc3 Nf6 3. Bc4 Nxe4 4. Bxf7+ Kxf7 5. Nxe4 Nc6 6. d3 Be7 7. Nf3 Rf8
8. Be3 Kg8 9. Qd2 d5 10. Ng3 Bg4 11. Bg5 Bxf3 12. Bxe7 Qxe7 13. gxf3 Rxf3 14.
O-O-O Raf8 15. Rdf1 Qf7 16. Rhg1 Rxf2 17. Rxf2 Qxf2 18. Qxf2 Rxf2 19. Nh5 g6 20.
c3 d4 21. Kb1 Kf7 22. Ng3 Rxh2 23. Ne4 Rh5 24. Ng5+ Ke7 25. Ne4 b6 26. a3 Nd8
27. c4 c5 28. Rf1 Rf5 29. Rh1 Rh5 30. Rf1 Rh3 31. Kc2 h6 32. b4 Nb7 33. Nf6 Kd8
34. Re1 Rf3 35. Ng4 h5 36. Nxe5 Re3 37. Rxe3 dxe3 38. Nxg6 Kd7 39. Kd1 Nd6 40.
Ke2 Nf5 41. Nf4 h4 42. b5 Kd6 43. Kd1 Ke5 44. Nh3 Kd4 45. Kc2 Ng3 46. Ng1 Ke5
47. Nf3+ Kf4 48. Nxh4 e2 49. Kd2 Kg4 50. Ng6 Kh3 51. Nf4+ Kg4 52. Nxe2 Nxe2 53.
Kxe2 Kf4 54. Kf2 Kf5 55. Ke3 Ke5 56. a4 Ke6 57. Ke4 Kd6 58. Kf5 Kd7 59. Ke5 Ke7
60. Kd5 Kd7 61. a5 Kc7 62. axb6+ axb6 63. Ke5 Kd7 64. Kd5 Kc7 65. Ke6 Kc8 66.
Kd6 Kb7 67. Kd7 Kb8 68. Kc6 Ka7 69. Kc7 Ka8 70. Kxb6 Kb8 71. Kxc5 Kc7 72. b6+
Kc8 73. Kc6 Kb8 74. b7 Ka7 75. Kc7 Ka6 76. b8=Q Ka5 77. Qb5# 1-0

[Event "DRUZYNOWE MISTRZOSTWA POLSKI JUNIOROW - II LIGA"]
[Site "Szczyrk, CKiR Orle Gniazdo ul. Wrzosowa 28a"]
[Date "2014-07-30"]
[Round "6.109"]
[White "Kaluzny, Tomasz"]
[Black "Kosior, Jan"]
[Result "1-0"]
[WhiteTitle "I"]
[BlackTitle "II"]
[WhiteElo "1765"]
[BlackElo "1424"]

1. c4 e6 2. Nc3 d5 3. d4 f5 4. Nf3 c6 5. Bf4 Bd6 6. Ne5 Nf6 7. e3 O-O 8. Be2 Nbd7
9. Nxc6 bxc6 10. Bxd6 Re8 11. Bg3 Ne4 12. Nxe4 fxe4 13. O-O Ba6 14. cxd5 Bxe2
15. Qxe2 exd5 16. Rac1 Qb6 17. b3 Re6 18. Qg4 Rae8 19. Rfd1 Qb7 20. Rc2 Rg6 21.
Qf4 Rf8 22. Qc7 Qxc7 23. Bxc7 Rc8 24. Bg3 Rf6 25. Rdc1 h6 26. Kf1 g5 27. Ke2 g4
28. h3 h5 29. hxg4 hxg4 30. Rh1 Rg6 31. Rh5 Rf8 32. Rc1 Kf7 33. Rch1 Kg8 34. Rh7
Rg7 35. R7h6 Rf6 36. Rh8+ Kf7 37. Ra8 Kg6 38. Rxa7 Nf8 39. Rxg7+ Kxg7 40. Be5
1-0

[Event "DRUZYNOWE MISTRZOSTWA POLSKI JUNIOROW - II LIGA"]
[Site "Szczyrk, CKiR Orle Gniazdo ul. Wrzosowa 28a"]
[Date "2014-07-30"]
[Round "6.110"]
[White "Wierzba, Maksymilian"]
[Black "Kaluzny, Jan"]
[Result "1-0"]
[WhiteTitle "II"]
[BlackTitle "II"]
[WhiteElo "1463"]
[BlackElo "1367"]

1. d4 d5 2. g3 c6 3. Bg2 e6 4. e3 Be7 5. b3 Bd7 6. Bb2 Nf6 7. Ne2 O-O 8. O-O Qc8
9. c4 Re8 10. Nbc3 b5 11. c5 a5 12. a3 Na6 13. Na2 a4 14. b4 Ra7 15. f3 Rf8 16.
Nf4 Ne8 17. e4 f6 18. Qe2 f5 19. exd5 cxd5 20. Nxd5 exd5 21. Qxe7 Rc7 22. Qe3
Nf6 23. Bc1 Re8 24. Qd3 Qd8 25. Bg5 Qe7 26. Nc3 Bc6 27. Qxf5 h6 28. Bxf6 Qe3+
29. Kh1 gxf6 30. Nxd5 Bxd5 31. Qxd5+ Kg7 32. f4 Qd2 33. Rfd1 Qc2 34. Qa2 Qf5 35.
Re1 Rce7 36. Rxe7+ Rxe7 37. Qd2 Qe6 38. d5 Qd7 39. d6 Re8 40. c6 Qd8 41. d7 Re7
42. Re1 Rxe1+ 43. Qxe1 Nc7 44. Bf1 Kf7 45. Qe2 Qa8 46. Qe4 Kf8 47. Bg2 Qd8 48.
Qh7 Qe7 49. Qxh6+ Kg8 50. Qg6+ Kf8 51. Qe4 Qd8 52. h4 Kg7 53. h5 Qh8 54. Qg6+
1-0

[Event "DRUZYNOWE MISTRZOSTWA POLSKI JUNIOROW - II LIGA"]
[Site "Szczyrk, CKiR Orle Gniazdo ul. Wrzosowa 28a"]
[Date "2014-07-30"]
[Round "6.111"]
[White "Niemier, Hubert"]
[Black "Sloniewski, Kacper"]
[Result "1-0"]
[WhiteTitle "II"]
[BlackTitle "II"]
[WhiteElo "1413"]
[BlackElo "1093"]

1. d4 g6 2. c4 Bg7 3. Nc3 d6 4. h3 Nf6 5. e4 O-O 6. Bg5 Nbd7 7. Bd3 c5 8. d5 Nb6
9. Nf3 e6 10. O-O exd5 11. exd5 Qc7 12. Qc2 Bd7 13. Rfe1 Rfe8 14. Nd2 Rxe1+ 15.
Rxe1 Re8 16. Rxe8+ Nxe8 17. Bf4 a6 18. Nde4 Bf5 19. b3 Bxe4 20. Nxe4 f5 21. Ng5
Qe7 22. Ne6 Bf6 23. Qe2 Nd7 24. g4 fxg4 25. hxg4 Ng7 26. Nxg7 Qxe2 27. Bxe2 Kxg7
28. Bxd6 Bd4 29. g5 Ne5 30. Kg2 Nf7 31. Be7 Ne5 32. Bf6+ Kf7 33. f4 Nd7 34. Bxd4
cxd4 35. b4 Nb6 36. Kf3 Na4 37. Bd1 Nc3 38. Bb3 Ke7 39. c5 Kd7 40. Kf2 Kc7 41.
Ke1 b6 42. Kd2 bxc5 43. bxc5 Ne4+ 44. Kd3 Nxc5+ 45. Kxd4 Nxb3+ 46. axb3 a5 47.
Kc5 Kd7 48. d6 Ke8 49. Kc6 1-0

[Event "DRUZYNOWE MISTRZOSTWA POLSKI JUNIOROW - II LIGA"]
[Site "Szczyrk, CKiR Orle Gniazdo ul. Wrzosowa 28a"]
[Date "2014-07-30"]
[Round "6.113"]
[White "Walkowiak, Bogumila"]
[Black "Dabrowska, Aleksandra"]
[Result "1-0"]
[WhiteTitle "II"]
[BlackTitle "II"]
[WhiteElo "1240"]
[BlackElo "1372"]

1. e4 e5 2. Nf3 Nc6 3. Bc4 Bc5 4. c3 Nf6 5. d3 O-O 6. Bb3 h6 7. O-O Be7 8. Re1
d6 9. h3 Nh7 10. Nbd2 Kh8 11. Nf1 f5 12. exf5 Bxf5 13. Ng3 Bd7 14. d4 exd4 15.
Nxd4 Nxd4 16. Qxd4 c6 17. Bc2 Nf6 18. Nf5 Bxf5 19. Bxf5 Nd5 20. Bc2 Rf6 21. Qe4
Kg8 22. Bb3 Bf8 23. Bxd5+ cxd5 24. Qxd5+ Kh8 25. Qxb7 g5 26. Be3 Kg8 27. Bd4 Rf7
28. Qe4 Rb8 29. Qg6+ Bg7 30. Re2 Kf8 31. Bxg7+ Rxg7 32. Qxh6 Kg8 33. Rae1 Qf8
34. Qe6+ Kh7 35. Qe4+ Kh8 36. Qc6 Kh7 37. Rd1 Rb6 38. Qe4+ Kh6 39. b3 Rc7 40.
Qe6+ Kg7 41. c4 Qf4 42. Qe4 Qf8 43. Rd5 Qf6 44. Qd4 Qxd4 45. Rxd4 Kf6 46. f4 gxf4
47. Rxf4+ Kg5 48. Rg4+ Kf5 49. Kf2 Kf6 50. Rf4+ Kg5 51. Kf3 Rh7 52. Re8 Rbb7 53.
Rg8+ Rhg7 54. Rg4+ Kf6 55. R4xg7 Rxg7 56. Rxg7 Kxg7 57. Ke4 Kf6 58. Kd5 Ke7 59.
h4 a6 60. h5 a5 61. h6 Kf6 62. Kxd6 Kg6 63. c5 Kxh6 64. c6 Kg5 65. c7 Kf4 66.
c8=Q Kg3 67. Qg8+ Kf4 68. g4 Ke4 69. Qd5+ Kf4 70. g5 Kg4 71. g6 a4 72. g7 a3 73.
g8=R+ Kf4 74. Qe5+ Kf3 75. Rf8+ Kg4 76. Qg7+ Kh3 77. Rh8# 1-0

[Event "DRUZYNOWE MISTRZOSTWA POLSKI JUNIOROW - II LIGA"]
[Site "Szczyrk, CKiR Orle Gniazdo ul. Wrzosowa 28a"]
[Date "2014-07-30"]
[Round "6.114"]
[White "Kaczmarska, Joanna"]
[Black "Ciesinska, Weronika"]
[Result "1-0"]
[WhiteTitle "I++"]
[BlackTitle "II"]
[WhiteElo "1717"]
[BlackElo "1369"]

1. d4 Nf6 2. c4 g6 3. Nc3 Bg7 4. e4 d6 5. f4 O-O 6. Nf3 c5 7. d5 Bg4 8. Be2 e6
9. h3 Bxf3 10. Bxf3 exd5 11. cxd5 Re8 12. O-O Nbd7 13. Be3 a6 14. a4 c4 15. g4
Kh8 16. Qd2 Rc8 17. Qf2 Nc5 18. Bxc5 dxc5 19. e5 Nd7 20. Kh1 Rb8 21. Ne4 Bf8 22.
d6 Qa5 23. Qh4 h6 24. g5 Qd8 25. Bg4 Nxe5 26. fxe5 Rxe5 27. Bf3 Rf5 28. Rad1 b5
29. Bg2 Qd7 30. Nxc5 Rxc5 31. Qd4+ Bg7 32. Qxc5 Bxb2 33. Qc7 Rd8 34. Qxd7 Rxd7
35. Bc6 Rd8 36. d7 hxg5 37. Rde1 1-0

[Event "DRUZYNOWE MISTRZOSTWA POLSKI JUNIOROW - II LIGA"]
[Site "Szczyrk, CKiR Orle Gniazdo ul. Wrzosowa 28a"]
[Date "2014-07-30"]
[Round "6.115"]
[White "Stasiowski, Karol"]
[Black "Chmielarz, Maciej"]
[Result "0-1"]
[WhiteTitle "II"]
[BlackTitle "I"]
[WhiteElo "1521"]
[BlackElo "1862"]

1. e4 c6 2. d4 d5 3. exd5 cxd5 4. Bd3 Nc6 5. c3 g6 6. Bf4 Bg7 7. Nf3 Nf6 8. Nbd2
O-O 9. O-O Bf5 10. Bxf5 gxf5 11. Ne5 Nxe5 12. Bxe5 Kh8 13. Re1 e6 14. Re3 Rg8
15. Rh3 Ng4 16. Bxg7+ Rxg7 17. f4 Qc7 18. g3 Rag8 19. Qe2 Nf6 20. Kh1 Ne4 21.
Nxe4 fxe4 22. Rh6 Rg6 23. Qh5 f5 24. Re1 Rxh6 25. Qxh6 Qe7 26. Re3 Rg6 27. Qh5
Kg7 28. Kg2 Qc7 29. Kf2 Rg4 30. h3 Rg6 31. Qe2 Qa5 32. a3 b5 33. Qd1 Rf6 34. Qb3
Rf7 35. Qb4 Qb6 36. Qc5 Qxc5 37. dxc5 Kf6 38. Re2 Rg7 39. Re1 e5 40. Rd1 Ke6 41.
b4 h5 42. Rg1 exf4 43. Rg2 f3 44. Rg1 h4 45. g4 Ke5 46. gxf5 e3+ 47. Kxf3 Rxg1
48. Kxe3 Rg3+ 49. Kd2 Kxf5 0-1

[Event "DRUZYNOWE MISTRZOSTWA POLSKI JUNIOROW - II LIGA"]
[Site "Szczyrk, CKiR Orle Gniazdo ul. Wrzosowa 28a"]
[Date "2014-07-30"]
[Round "6.117"]
[White "Jedras, Adrianna"]
[Black "Ficek, Szymon"]
[Result "0-1"]
[WhiteTitle "II"]
[BlackTitle "II"]
[WhiteElo "1263"]
[BlackElo "1144"]

1. e4 e6 2. d4 d5 3. exd5 exd5 4. Nc3 c6 5. Nf3 Bd6 6. g3 Bf5 7. Bg2 Nf6 8. Bg5
O-O 9. O-O h6 10. Be3 Qd7 11. Nh4 Bh3 12. Ne2 Ne4 13. Re1 Re8 14. Bxe4 Rxe4 15.
Nf4 Bxf4 16. Bxf4 Qe8 17. Rxe4 Qxe4 18. f3 Qe6 19. Bxb8 Rxb8 20. g4 Qe3+ 21. Kh1
g5 22. Nf5 Qf2 23. Qg1 Qxf3+ 24. Qg2 Qxg2# 0-1

[Event "DRUZYNOWE MISTRZOSTWA POLSKI JUNIOROW - II LIGA"]
[Site "Szczyrk, CKiR Orle Gniazdo ul. Wrzosowa 28a"]
[Date "2014-07-30"]
[Round "6.118"]
[White "Klisz, Karolina"]
[Black "Kopacka, Natalia"]
[Result "1-0"]
[WhiteTitle "I"]
[BlackTitle "II+"]
[WhiteElo "1440"]
[BlackElo "1294"]

1. e4 e5 2. d4 exd4 3. c3 dxc3 4. Bc4 Qf6 5. Nxc3 Bc5 6. Nf3 h6 7. O-O c6 8. e5
Qe7 9. Ne4 b5 10. Nd6+ Bxd6 11. exd6 Qd8 12. Re1+ Kf8 13. Bb3 f6 14. Nh4 g5 15.
Qh5 Rh7 16. Bxg8 Rg7 17. Nf5 Rxg8 18. Qxh6+ Kf7 19. Re7+ Qxe7 20. Qh7+ 1-0

[Event "DRUZYNOWE MISTRZOSTWA POLSKI JUNIOROW - II LIGA"]
[Site "Szczyrk, CKiR Orle Gniazdo ul. Wrzosowa 28a"]
[Date "2014-07-30"]
[Round "6.120"]
[White "Kalmuk, Krzysztof"]
[Black "Kruszynski, Krzysztof"]
[Result "1-0"]
[WhiteTitle "I"]
[BlackTitle "II"]
[WhiteElo "1934"]
[BlackElo "1675"]

1. d4 Nf6 2. Nf3 g6 3. g3 Bg7 4. Bg2 O-O 5. O-O c6 6. c4 d6 7. Nc3 Qa5 8. h3 e5
9. dxe5 dxe5 10. e4 Be6 11. Qe2 h6 12. Be3 Nbd7 13. Rac1 Ne8 14. Nh4 Nd6 15. b3
g5 16. Nf3 f5 17. exf5 Nxf5 18. Rfd1 Rae8 19. Ne4 c5 20. Rxd7 Bxd7 21. Bxc5 Rf7
22. b4 Qc7 23. g4 b6 24. gxf5 bxc5 25. bxc5 Rxf5 26. Nd6 Qxc5 27. Nxe8 Bxe8 28.
Nd2 Bh5 29. Bd5+ Kh8 30. Ne4 Qa3 31. Qe3 Qb2 32. Ng3 Rxf2 33. Nxh5 Re2 34. Qc3
Qb6+ 35. c5 Qd8 36. Qf3 1-0

[Event "DRUZYNOWE MISTRZOSTWA POLSKI JUNIOROW - II LIGA"]
[Site "Szczyrk, CKiR Orle Gniazdo ul. Wrzosowa 28a"]
[Date "2014-07-30"]
[Round "6.121"]
[White "Osinski, Kamil"]
[Black "Sendobry, Adam"]
[Result "1-0"]
[WhiteTitle "I"]
[BlackTitle "II"]
[WhiteElo "1815"]
[BlackElo "1417"]

1. e4 e6 2. d4 d5 3. Nd2 Nf6 4. Bd3 Nc6 5. Ngf3 dxe4 6. Nxe4 b6 7. Nxf6+ gxf6 8.
O-O Bb7 9. Re1 h5 10. Bb5 a6 11. Ba4 b5 12. Bb3 Na5 13. Bf4 Nxb3 14. axb3 h4 15.
h3 Bd6 16. Bxd6 Qxd6 17. c4 Ke7 18. d5 e5 19. Nd4 Kd8 20. Nf5 Qd7 21. Qf3 c6 22.
Rad1 Kc7 23. d6+ Kb8 24. c5 Ka7 25. Ne7 Rh6 26. Re4 Rah8 27. Rg4 Qe8 28. Rg7 Kb8
29. b4 Ka7 30. Qg4 Bc8 31. d7 Qxe7 32. dxc8=N+ 1-0

[Event "DRUZYNOWE MISTRZOSTWA POLSKI JUNIOROW - II LIGA"]
[Site "Szczyrk, CKiR Orle Gniazdo ul. Wrzosowa 28a"]
[Date "2014-07-30"]
[Round "6.122"]
[White "Koszewski, Daniel"]
[Black "Stanowski, Mateusz"]
[Result "0-1"]
[WhiteTitle "II"]
[BlackTitle "II"]
[WhiteElo "1511"]
[BlackElo "1336"]

1. e4 e5 2. Nc3 Bc5 3. g3 Nf6 4. Bg2 d6 5. h3 Nc6 6. Nge2 Be6 7. O-O Qd7 8. Kh2
h5 9. f4 Ng4+ 10. Kh1 Nf2+ 11. Rxf2 Bxf2 12. f5 Bc4 13. d3 Ba6 14. Qf1 Bb6 15.
f6 g6 16. Kh2 Nd4 17. Nxd4 Bxd4 18. h4 Bxc3 19. bxc3 Qc6 20. Bd2 b6 21. Qf2 Bc8
22. d4 Bg4 23. d5 Qc5 24. Qf1 a6 25. Rb1 Qa3 26. Qc4 Qc5 27. Qf1 Bd7 28. Bh3 Bxh3
29. Kxh3 Kd7 30. Kg2 b5 31. Rb4 Rhb8 32. Qd3 Qb6 33. Be3 Qa5 34. Bd2 Qxa2 35.
Kf2 Rb7 36. Ke2 Rab8 37. Bc1 a5 38. Rb2 Qc4 39. Qxc4 bxc4 40. Ra2 Rb1 41. Kd2
Ra8 42. Ra4 Kc8 43. Kd1 Kb7 44. Kd2 Kb6 45. Rxc4 a4 46. Ba3 Rg1 47. Rc6+ Kb7 48.
Bxd6 cxd6 49. Rxd6 a3 50. Rd7+ Kb6 51. Rxf7 a2 52. Re7 a1=Q 53. f7 Qd1+ 54. Ke3
Rxg3+ 55. Kf2 Qf3+ 56. Ke1 Ra1+ 57. Kd2 Qd1# 0-1

[Event "DRUZYNOWE MISTRZOSTWA POLSKI JUNIOROW - II LIGA"]
[Site "Szczyrk, CKiR Orle Gniazdo ul. Wrzosowa 28a"]
[Date "2014-07-30"]
[Round "6.126"]
[White "Rudecki, Bartosz"]
[Black "Tamon, Radoslaw"]
[Result "1-0"]
[WhiteTitle "II+"]
[BlackTitle "I"]
[WhiteElo "1578"]
[BlackElo "1721"]

1. e4 e5 2. Nf3 Nc6 3. Bc4 Nf6 4. d4 exd4 5. e5 d5 6. Bb5 Ne4 7. Nxd4 Bd7 8. Bxc6
bxc6 9. O-O Bc5 10. f3 Ng5 11. f4 Ne4 12. c3 O-O 13. Nd2 Nxd2 14. Bxd2 Qh4 15.
Kh1 Be7 16. f5 Bg5 17. Nf3 Qe4 18. Nxg5 Qxe5 19. Qc2 h6 20. Nh3 Qf6 21. Be3 Rfe8
22. Bd4 Qh4 23. Qd2 Qh5 24. Qf4 Re2 25. Qg3 g5 26. Nf4 1-0

[Event "DRUZYNOWE MISTRZOSTWA POLSKI JUNIOROW - II LIGA"]
[Site "Szczyrk, CKiR Orle Gniazdo ul. Wrzosowa 28a"]
[Date "2014-07-30"]
[Round "6.127"]
[White "Blocinski, Maciej"]
[Black "Gajewski, Marcin"]
[Result "0-1"]
[WhiteTitle "I"]
[BlackTitle "II"]
[WhiteElo "1717"]
[BlackElo "1415"]

1. d4 Nf6 2. c4 g6 3. Nc3 d5 4. Bg5 Ne4 5. h4 Nxc3 6. bxc3 dxc4 7. Qa4+ Qd7 8.
Qxc4 b6 9. Nf3 Ba6 10. Qb3 Qb5 11. Qc2 h6 12. Bf4 Bg7 13. e3 Qa5 14. Bd3 Bxd3
15. Qxd3 Na6 16. O-O O-O 17. Ne5 Qa4 18. g4 c5 19. g5 h5 20. Bg3 cxd4 21. cxd4
Rfc8 22. f4 e6 23. Rac1 Nb4 24. Qe4 Nd5 25. Nxg6 Qxa2 26. Ne5 Qd2 27. Nc4 Rxc4
28. Rxc4 Qxe3+ 29. Qxe3 Nxe3 30. Rfc1 Nxc4 31. Rxc4 b5 32. Rb4 a6 33. Kf2 Bf8
34. Rb3 b4 35. f5 exf5 36. Rf3 Rc8 37. Rxf5 b3 38. Rf3 b2 39. Rb3 Ba3 40. Bf4
Rc1 41. Rb8+ Kh7 42. g6+ Kxg6 43. Rg8+ Kh7 0-1

[Event "DRUZYNOWE MISTRZOSTWA POLSKI JUNIOROW - II LIGA"]
[Site "Szczyrk, CKiR Orle Gniazdo ul. Wrzosowa 28a"]
[Date "2014-07-30"]
[Round "6.128"]
[White "Gworys, Grzegorz"]
[Black "Wloch, Mikolaj"]
[Result "1-0"]
[WhiteTitle "II"]
[BlackTitle "II"]
[WhiteElo "1391"]
[BlackElo "1482"]

1. e4 c5 2. Nf3 d6 3. d4 cxd4 4. Nxd4 Nf6 5. Nc3 g6 6. Be2 Bg7 7. Be3 O-O 8. Qd2
Nc6 9. O-O-O Nxd4 10. Bxd4 Be6 11. f4 Qc7 12. Rhg1 Rfc8 13. g4 Qa5 14. a3 b5 15.
f5 Bc4 16. g5 Nxe4 17. Nxe4 Qxd2+ 18. Rxd2 Bxd4 19. Rxd4 Bxe2 20. Re1 Bc4 21.
f6 d5 22. Nd2 b4 23. Nxc4 Rxc4 24. Rxc4 dxc4 25. Rxe7 bxa3 26. bxa3 Kf8 27. Rc7
Ke8 28. Rxc4 Kd7 29. Rh4 Rh8 30. Re4 Rf8 31. Re7+ Kd6 32. Rxa7 Ke5 33. h4 Kf4
34. Ra4+ Kg3 35. Rb4 Re8 36. a4 Rc8 37. a5 Ra8 38. Ra4 Ra6 39. Kb2 1-0

[Event "DRUZYNOWE MISTRZOSTWA POLSKI JUNIOROW - II LIGA"]
[Site "Szczyrk, CKiR Orle Gniazdo ul. Wrzosowa 28a"]
[Date "2014-07-30"]
[Round "6.129"]
[White "Bawej, Jakub"]
[Black "Kucharski, Daniel"]
[Result "1/2-1/2"]
[WhiteTitle "III"]
[BlackTitle "II"]
[WhiteElo "1349"]
[BlackElo "1364"]

1. d4 d5 2. c4 e6 3. Nc3 Nf6 4. Bg5 Be7 5. Nf3 O-O 6. e3 h6 7. Bh4 b6 8. Be2 dxc4
9. Bxc4 Bb7 10. O-O Nbd7 11. Qe2 c5 12. Rac1 Ne4 13. Bxe7 Qxe7 14. Nxe4 Bxe4 15.
Rfd1 Rac8 16. Ba6 Rc7 17. Bb5 Rfc8 18. Ba6 Rd8 19. h3 Bd5 20. a3 Nf6 21. Bc4 Bxc4
22. Qxc4 Rdc8 23. Qd3 c4 24. Qd2 b5 25. Qa5 Qd7 26. Ne5 Qd5 27. f3 Nd7 28. e4
Qb7 29. Nxd7 Rxd7 30. Qb4 Qb6 31. Qd2 e5 32. b3 Qxd4+ 33. Qxd4 exd4 34. Kf2 f6
35. Ke2 Kf7 36. bxc4 bxc4 37. g3 Ke6 38. Kf2 g5 39. f4 a5 40. Kf3 a4 41. Ke2 Rd6
42. Kf3 gxf4 43. gxf4 c3 44. h4 Rb8 45. Ra1 Rb3 46. Ke2 c2 47. Rd3 Rxd3 48. Kxd3
Rc6 49. Rc1 Rc3+ 50. Kxd4 Rxa3 51. Rxc2 Kd6 1/2-1/2

[Event "DRUZYNOWE MISTRZOSTWA POLSKI JUNIOROW - II LIGA"]
[Site "Szczyrk, CKiR Orle Gniazdo ul. Wrzosowa 28a"]
[Date "2014-07-30"]
[Round "6.130"]
[White "Mielczarek, Joanna"]
[Black "Wloch, Dominika"]
[Result "1-0"]
[WhiteTitle "I"]
[BlackTitle "II"]
[WhiteElo "1562"]
[BlackElo "1235"]

1. e4 d5 2. exd5 Nf6 3. Nc3 Nxd5 4. Bc4 Nxc3 5. bxc3 Nc6 6. Nf3 g6 7. d4 Bg7 8.
O-O O-O 9. Bf4 Bf5 10. Qd2 Re8 11. Ng5 e6 12. h3 f6 13. Nf3 Be4 14. Nh2 g5 15.
Be3 Bd5 16. Bb5 a6 17. Bd3 e5 18. c4 exd4 19. cxd5 dxe3 20. fxe3 Ne5 21. Rab1
Nxd3 22. Qxd3 b5 23. e4 Qe7 24. Rbe1 Rad8 25. Qb3 Qc5+ 26. Kh1 Kh8 27. Ng4 Rd6
28. a4 bxa4 29. Qxa4 Qb5 30. Qxb5 axb5 31. Rf5 h5 32. Nf2 c6 33. Rb1 Re5 34. Rxe5
fxe5 35. Kg1 Kg8 36. Kf1 cxd5 37. Rxb5 d4 38. Nd3 Rf6+ 39. Ke2 Rc6 40. Kd2 Re6
41. c4 Re8 42. c5 Kf7 43. c6 Ke6 44. Rd5 Rc8 45. Nc5+ Kf7 46. Rd7+ Kg8 47. Ne6
Bf6 48. c7 g4 49. hxg4 hxg4 50. g3 Ra8 51. Rd8+ Bxd8 52. cxd8=Q+ Rxd8 53. Nxd8
Kf8 54. Kd3 Ke7 55. Nb7 Kd7 56. Kc4 Kc6 57. Nc5 Kd6 58. Nd3 Ke6 59. Kc5 Kf6 60.
Kd6 Kg5 61. Kxe5 Kg6 62. Kd6 Kf7 63. Kd7 Kf8 64. e5 Kf7 65. e6+ Kf8 66. e7+ 1-0

[Event "DRUZYNOWE MISTRZOSTWA POLSKI JUNIOROW - II LIGA"]
[Site "Szczyrk, CKiR Orle Gniazdo ul. Wrzosowa 28a"]
[Date "2014-07-30"]
[Round "6.132"]
[White "Madalinski, Jan"]
[Black "Hladun, Bartlomiej"]
[Result "1-0"]
[WhiteTitle "II"]
[BlackTitle "II"]
[WhiteElo "1474"]
[BlackElo "1295"]

1. d4 Nf6 2. c4 g6 3. Nc3 Bg7 4. e4 d6 5. f4 O-O 6. Nf3 c5 7. dxc5 Qa5 8. Qd2 Qxc5
9. Be2 Nc6 10. Qe3 Qxe3 11. Bxe3 Ng4 12. Bg1 Bxc3+ 13. bxc3 e5 14. O-O-O exf4
15. Rxd6 Be6 16. Nd4 Nxd4 17. cxd4 Bxc4 18. Bxg4 Bxa2 19. Bf2 h5 20. Be2 Rac8+
21. Kb2 Be6 22. d5 Bg4 23. Bxg4 hxg4 24. Bxa7 Rc4 25. Re1 Rfc8 26. Kb3 Rc2 27.
Rf6 R8c3+ 28. Kb4 f3 29. gxf3 Rxf3 30. Rxf3 gxf3 31. Rf1 Re2 32. Rxf3 Rxe4+ 33.
Kc5 f5 34. d6 Re5+ 35. Kd4 Re6 36. Kd5 Kf7 37. Re3 Rxe3 38. Bxe3 b5 39. Kc6 b4
40. d7 1-0